Все пути ведут в Китай - Statistics

General Stats
  • This quiz has been taken 47 times
  • The average score is 3 of 10
Answer Stats
Вопрос Ответ % Correct
Какой цвет для китайцев символизирует счастье? Красный
70%
Сколько морей омывает Китай? 4
70%
Как назывался торговый путь, через который товары из Китая попадали в Европу? Великий шёлковый путь
43%
Кто первым открыл Китай для европейцев? Марко Поло
30%
В каком году Великобритания победила Китай в Опиумной войне, в результате которой Китай потерял Гонконг? 1842
23%
Какой император объединил древнекитайские царства? Цинь Шихуанди
15%
Как называется самая большая храмовая постройка в Китае? Храм Неба
8%
Как называется телевизионная башня, расположенная в Шанхае? Жемчужина Востока
8%
Как называется знаменитый китайский десерт, похожий на белый кокон? Борода дракона
8%
Как в Китае называют несколько праздничных дней, объединённых с выходными? Золотая неделя
3%
No matching quizzes found
Score Distribution
Percent of People with Each Score
Percentile by Number Answered
Your Score History
You have not taken this quiz